000 00681nam a22001937a 4500
005 20251108174636.0
008 250721s2008 xx 000 0 ara d
082 1 4 _a910/شوا
100 1 _aالشواورة، علي سالم إحميدان
_eمؤلف
245 1 0 _aالمدخل إلى الجغرافية الطبيعية و البشرية /
264 1 _aرام الله :
_bمركز يافا للنشر و التوزيع،
_c2008.
300 _a399ص.
650 1 7 _aالجغرافيا
650 1 7 _aالجغرافيا الطبيعيه
650 1 7 _aالجغرافيه البشريه
700 1 _aالحلاق، جابر
_eآخر
942 _2ddc
_cBK
999 _c114301
_d114301